000 00599nam a2200217Ia 4500
008 101110s9999 xx 000 0 und d
041 _aENGLISH
082 _bSR34778
100 _aBhole K.G., Shroff Adarsha, Ranade Abhay J.
245 _aA new course in physics Volume - III SYBSC
260 _c2010
_bSheth Publishers, Mumbai
300 _a167
365 _b100
520 _aPhysics
546 _aENGLISH
630 _aA new course in physics Volume - III SYBSC
650 _aPhysics
655 _aPhysics
730 _aA new course in physics Volume - III SYBSC
942 _cBOOK
999 _c827279
_d827276